| 000 | 01271nam a2200325 a 4500 | ||
|---|---|---|---|
| 001 | ebr10618648 | ||
| 003 | CaPaEBR | ||
| 006 | m o u | ||
| 007 | cr cn||||||||| | ||
| 008 | 120913s2013 si a sb 001 0 eng d | ||
| 010 | _z 2012027876 | ||
| 020 | _z9781118188484 (cloth) | ||
| 020 | _z9781118188507 (e-book) | ||
| 040 |
_aCaPaEBR _cCaPaEBR |
||
| 035 | _a(OCoLC)810329364 | ||
| 050 | 1 | 4 |
_aTK5103.35 _b.W36 2013eb |
| 082 | 0 | 4 |
_a621.382 _223 |
| 100 | 1 | _aWang, Jianqing. | |
| 245 | 1 | 0 |
_aBody area communications _h[electronic resource] : _bchannel modeling, communication systems, and EMC / _cJianqing Wang, Qiong Wang. |
| 260 |
_aSingapore : _bJohn Wiley & Sons Inc., _c2013. |
||
| 300 |
_axi, 274 p. : _bill. |
||
| 504 | _aIncludes bibliographical references and index. | ||
| 533 |
_aElectronic reproduction. _bPalo Alto, Calif. : _cebrary, _d2015. _nAvailable via World Wide Web. _nAccess may be limited to ebrary affiliated libraries. |
||
| 650 | 0 | _aBody area networks (Electronics) | |
| 650 | 0 | _aMedical telematics. | |
| 655 | 7 |
_aElectronic books. _2local |
|
| 700 | 1 | _aWang, Qiong. | |
| 710 | 2 | _aebrary, Inc. | |
| 856 | 4 | 0 |
_uhttp://site.ebrary.com/lib/rucke/Doc?id=10618648 _zAn electronic book accessible through the World Wide Web; click to view |
| 999 |
_c54884 _d54884 |
||